Nuestras leyes sobre propriedad industrial. (Record no. 37552)

MARC details
000 -LEADER
fixed length control field 00465cam a22001811 4500
001 - CONTROL NUMBER
control field ltf91035466
003 - CONTROL NUMBER IDENTIFIER
control field DLC
005 - DATE AND TIME OF LATEST TRANSACTION
control field 20260227111552.0
008 - FIXED-LENGTH DATA ELEMENTS--GENERAL INFORMATION
fixed length control field 910328s1911 mx l 000 0 spa
010 ## - LIBRARY OF CONGRESS CONTROL NUMBER
LC control number ltf91035466
040 ## - CATALOGING SOURCE
Original cataloging agency DLC
Transcribing agency DLC
Modifying agency DLC
050 00 - LIBRARY OF CONGRESS CALL NUMBER
Classification number KGF1629
Item number .B46 1911
100 1# - MAIN ENTRY--PERSONAL NAME
Personal name Benítez, Justo.
245 10 - TITLE STATEMENT
Title Nuestras leyes sobre propriedad industrial.
260 ## - PUBLICATION, DISTRIBUTION, ETC.
Place of publication, distribution, etc. México,
Date of publication, distribution, etc. 1911.
300 ## - PHYSICAL DESCRIPTION
Extent 101 p.
650 #0 - SUBJECT ADDED ENTRY--TOPICAL TERM
Topical term or geographic name entry element Industrial property
Geographic subdivision Mexico.

No items available.

Powered by Koha